Normal view
MARC view
- Izutsu,Toshihiko.
Entry Personal Name
001 - CONTROL NUMBER
- control field: 28546
003 - CONTROL NUMBER IDENTIFIER
- control field: NUST
005 - DATE AND TIME OF LATEST TRANSACTION
- control field: 20200219122709.0
008 - FIXED-LENGTH DATA ELEMENTS
- fixed length control field: 200219|| aca||aabn | a|a d
040 ## - CATALOGING SOURCE
- Original cataloging agency: NUST
- Transcribing agency: NUST
100 ## - HEADING--PERSONAL NAME
- Personal name: Izutsu,Toshihiko.
670 ## - SOURCE DATA FOUND
- Source citation: Work cat.: (NUST): Izutsu,Toshihiko., Ethico-Religious Concept in the QUR'AN., 2005.
